000 00408pab a2200157 454500
008 180718b2005 xxu||||| |||| 00| 0 eng d
100 _aBenton, J. Edwin
245 _aAn assessment of research on American countries
260 _c2005
300 _ap.462-74.
362 _aJul-Aug
650 _aResearch - United States
650 _aResearch
773 _aPublic Administration Review
909 _a66752
999 _c66752
_d66752